1655 1680 1779 1990 1410 1067 1499 1585 1231 1375 1103 1155 1241 1925 1856 1167 1377 1853 1378 1953 1885 1136 1387 1976 1050 1151 1159 1634 1716 1055 1335 1080 1070 1868 1774 1236 1840 1042 1093 1846 1367 1298 1302 1927 1491 1588 1205 1539 1601 1724 1226 1033 1333 1293 1093 1571 1135 1987 1801 1456 1895 1119 1713 1375 1064 1690 1059 1357 1800 1820 1790 1353 1259 1364 1251 1353 1864 1244 1129 1891 1719 1484 1304 1172 1492 1997 1382 1207 1688 1702 1390 1084 1526 1832 1949 1849 1303 1447 1174 BCNSPRNW ULIB Ver.6.0+V

เปลี่ยนเป็นภาษาไทย

Change to English
 แสดงรายละเอียดบรรณานุกรม
  กลับหน้าหลัก

Brief Record : Get Marc (ISO 2709) : E-mail record : QR code < ปิดหน้าต่าง
LEADER : 00000nam 2200000uu 4500
001    13399109817
003     ULIB
008    110411s2546||||th 000 0 tha d
020    9742971927
060 04 WC680^bค127ค 2546
110 1  กรมควบคุมโรค. ^bสำนักโรคติดต่อนำโดยแมลง
245 00 คู่มือปฏิบัติงานควบคุมไข้มาลาเรีย พ.ศ.2546/^cสมศักดิ์ ประจักษ์วงศ์ และคณะ
260    [นนทบุรี] :^bสำนักโรคติดต่อนำโดยแมลง กรมควบคุมโรค กระทรวงสาธารณสุข,^c2546
300    50 หน้า
650  7 มาลาเรีย
700 0  สมศักดิ์ ประจักษ์วงศ์ และคณะ
945    ^p0^l0^i016078
995    ทศพร
999 ^a ใช้งานได้ทุกระบบ
รายการนี้ยังไม่มีแท็ก
คุณยังไม่ได้ล็อกอิน คุณสามารถมีกิจกรรมร่วมกับเว็บไซต์ได้ แต่ต้องล็อกอินก่อน ::
  ล็อกอิน

รายการสื่อสารสนเทศ

ลำดับที่ ประเภท เลขเรียก/บาร์โค้ด สถานที่ สถานะ
- ไม่พบข้อมูล -

รายการใกล้เคียง
    หัวเรื่อง [มาลาเรีย]

BibComment


ยังไม่เคยถูกคอมเมนท์

คอมเมนท์ทรัพยากรรายการนี้
  คอมเมนท์: คู่มือปฏิบัติงานค..


 Copyright 2026. Bcnsprnw @Library